000 00578nam a22001937a 4500
003 NUST
005 20230126152805.0
008 190703b ||||| |||| 00| 0 eng d
038 _aMr. Zahoor
082 _a530
100 _aJalal, Abdul
_916518
245 _aQuantum recurrences in diatomic molecular Wave-packets : Information theoretic approach
_cAbdul Jalal
260 _aIslamabad :
_bSNS - NUST,
_c2018.
300 _a66 p. : ill. ;
_c30cm.
500 _aHardcover.
650 _aPhysics - Ms Thesis
_916163
700 _aDr. Shahid Iqbal
_916468
942 _2ddc
_cTHE
999 _c525605
_d525605